Guess the GD level by picture: Classic Levels - Statistics

General Stats
  • This quiz has been taken 531 times
  • The average score is 8 of 16
Answer Stats
Picture Answer % Correct
Sakupen Circles
85%
The Golden
85%
Congregation
84%
Shardscapes
74%
Duelo Maestro
72%
Solar Flare
63%
Generation Retro
56%
Acid Factory
53%
Edge of Destiny
49%
Invisible Deadlocked
41%
Nhelv
38%
Hello Fitzgerald
35%
Limeade
9%
Arctic Alpine
5%
Neon Skyline
3%
Great Asset
2%
No matching quizzes found
Score Distribution
Percent of People with Each Score
Percentile by Number Answered
Your Score History
You have not taken this quiz